000 00497nam a2200169Ia 4500
001 41804
008 201219s1999 ii g b000 u asm u
020 _a81-7665-031-5
082 _a891.41
100 _aChaliha, Saurav Kumar .
245 0 _aSaurav Kumar Chalihar Rachana - Samagrah /
_cSaurav Kumar Chaliha.
_hTextual Documents
250 _aIst ed /
260 _aGuwahati :
_bStudents Stores ,
_c1999.
300 _a266pg ;
_c22cm.
653 _aReference Section--Assamese
942 _2ddc
_cBK
999 _c41771
_d41771